000 00441 a2200145 4500
005 20250612140158.0
020 _a978-0-2413-5873-3
082 _a001.92 KRO
100 _aKROWITZ, D.
245 _aBeginner's Step-By-Step Coding Course
260 _aLondon,
_bDorling Kindersley Limited,
_c2020
300 _a359p.: ill.; picture, table.
_bGlossary, index.
_c25cm.
856 _yAccess online book
_fCoding Course
_dwww.dk.com
942 _2ddc
_cBKS
999 _c3874
_d3874